00166nas a2200073Ia 4500022001400000245003400014260003100048310001300079 a0019-5545 aIndian Journals of Psychiatry c2010aINDIAbWOLTER KLUWER aQuaterly